[Event "Superfinal Championship 2022 Men"]
[Site "Cheboksary"]
[Date "2022.09.11"]
[Round "1.1"]
[White "Esipenko, Andrey"]
[Black "Iljiushenok, Ilia"]
[Result "1/2-1/2"]
[BlackElo "2551"]
[WhiteElo "2678"]
[LiveChessVersion "1.4.8"]

1. e4 e5 2. Nf3 Nf6 3. d4 Nxe4 4. Bd3 d5 5. Nxe5 Nd7 6. Nc3 Nxc3 7. bxc3 Bd6 8.
O-O O-O 9. Re1 c5 10. Qf3 c4 11. Bf5 Nxe5 12. dxe5 Bc5 13. Rb1 Bxf5 14. Qxf5 Qa5
15. Rxb7 Rae8 16. Kf1 Qxc3 17. Bb2 Qd2 18. e6 Re7 19. Rxe7 Bxe7 20. Bc1 Qa5 21.
Bg5 g6 22. exf7+ Rxf7 23. Qc8+ Bf8 24. Bh6 Qxa2 25. Bxf8 Rxf8 26. Qe6+ Rf7 27.
Qxd5 Qxc2 28. Re8+ Kg7 29. Qd4+ Kh6 30. Qh4+ Kg7 31. Qd4+ Kh6 32. Qh4+ Kg7 33.
Qd4+ 1/2-1/2

[Event "Superfinal Championship 2022 Men"]
[Site "Cheboksary"]
[Date "2022.09.11"]
[Round "1.2"]
[White "Tomashevsky, Evgeny"]
[Black "Sjugirov, Sanan"]
[Result "1/2-1/2"]
[BlackElo "2703"]
[WhiteElo "2700"]
[LiveChessVersion "1.4.8"]

1. c4 e6 2. g3 d5 3. Bg2 Nf6 4. Nf3 Be7 5. O-O O-O 6. b3 d4 7. e3 c5 8. Ne5 Qc7
9. f4 Nfd7 10. exd4 cxd4 11. Nd3 Nc6 12. Ba3 Bd6 13. Qf3 Rd8 14. Rc1 Bxa3 15.
Nxa3 Qa5 16. Nb5 1/2-1/2

[Event "Superfinal Championship 2022 Men"]
[Site "Cheboksary"]
[Date "2022.09.11"]
[Round "1.3"]
[White "Artemiev, Vladislav"]
[Black "Nesterov, Arseniy"]
[Result "1-0"]
[BlackElo "2575"]
[WhiteElo "2706"]
[LiveChessVersion "1.4.8"]

1. c4 {[%clk 1:30:45]} e6 {[%clk 1:30:48]} 2. Nc3 {[%clk 1:30:20]} d5
{[%clk 1:31:08]} 3. d4 {[%clk 1:30:34]} Nf6 {[%clk 1:31:18]} 4. Bg5
{[%clk 1:29:10]} Be7 {[%clk 1:31:23]} 5. e3 {[%clk 1:28:34]} h6 {[%clk 1:30:46]}
6. Bh4 {[%clk 1:28:48]} O-O {[%clk 1:30:39]} 7. Qc2 {[%clk 1:22:29]} Nbd7
{[%clk 1:21:37]} 8. Nf3 {[%clk 1:13:18]} c6 {[%clk 1:20:55]} 9. a3
{[%clk 1:06:35]} b6 {[%clk 1:16:49]} 10. cxd5 {[%clk 1:03:50]} cxd5
{[%clk 1:16:56]} 11. Bd3 {[%clk 1:03:34]} Bb7 {[%clk 1:17:14]} 12. O-O
{[%clk 1:01:51]} Rc8 {[%clk 1:16:22]} 13. Nd2 {[%clk 1:00:31]} Nb8
{[%clk 1:04:22]} 14. Bxf6 {[%clk 0:46:10]} Bxf6 {[%clk 1:04:47]} 15. f4
{[%clk 0:46:24]} Nc6 {[%clk 0:54:49]} 16. Qd1 {[%clk 0:29:07]} Nxd4
{[%clk 0:48:25]} 17. exd4 {[%clk 0:29:04]} Bxd4+ {[%clk 0:48:51]} 18. Kh1
{[%clk 0:29:25]} Bxc3 {[%clk 0:47:57]} 19. bxc3 {[%clk 0:29:46]} Rxc3
{[%clk 0:48:20]} 20. Nf3 {[%clk 0:20:05]} d4 {[%clk 0:43:22]} 21. Qd2
{[%clk 0:18:19]} Qd5 {[%clk 0:33:18]} 22. Rfe1 {[%clk 0:10:23]} Rd8
{[%clk 0:30:56]} 23. Be4 {[%clk 0:06:59]} Qxe4 {[%clk 0:26:56]} 24. Rxe4
{[%clk 0:07:20]} Bxe4 {[%clk 0:27:24]} 25. Ne1 {[%clk 0:05:09]} b5
{[%clk 0:22:17]} 26. Kg1 {[%clk 0:03:32]} Rd5 {[%clk 0:20:59]} 27. Qb2
{[%clk 0:02:53]} Rc4 {[%clk 0:18:21]} 28. Qd2 {[%clk 0:02:14]} d3
{[%clk 0:17:50]} 29. Rd1 {[%clk 0:02:13]} Rc2 {[%clk 0:14:39]} 30. Qa5
{[%clk 0:02:20]} Ra2 {[%clk 0:10:28]} 31. Qxa7 {[%clk 0:01:52]} d2
{[%clk 0:09:00]} 32. Nf3 {[%clk 0:02:11]} Bxf3 {[%clk 0:07:57]} 33. gxf3
{[%clk 0:02:31]} Rc2 {[%clk 0:06:15]} 34. Qe3 {[%clk 0:01:49]} g6
{[%clk 0:04:34]} 35. Kf1 {[%clk 0:01:32]} Rh5 {[%clk 0:01:08]} 36. Rxd2
{[%clk 0:00:56]} Rxd2 {[%clk 0:01:24]} 37. Qxd2 {[%clk 0:01:20]} Rd5
{[%clk 0:01:47]} 38. Qc3 {[%clk 0:01:21]} Rh5 {[%clk 0:01:15]} 39. Kg2
{[%clk 0:00:36]} Rf5 {[%clk 0:01:26]} 40. Kg3 {[%clk 0:30:49]} Rh5
{[%clk 0:31:02]} 41. Qb2 {[%clk 0:24:01]} Kh7 {[%clk 0:30:40]} 42. h3
{[%clk 0:19:02]} Rf5 {[%clk 0:27:37]} 43. Kf2 {[%clk 0:15:05]} Rd5
{[%clk 0:19:34]} 44. Ke3 {[%clk 0:12:29]} Rf5 {[%clk 0:16:16]} 45. Qd4
{[%clk 0:10:13]} Rh5 {[%clk 0:13:12]} 46. Qd7 {[%clk 0:07:50]} Rf5
{[%clk 0:12:32]} 47. Qb7 {[%clk 0:07:09]} Kg7 {[%clk 0:12:01]} 48. Kd2
{[%clk 0:05:29]} g5 {[%clk 0:05:52]} 49. fxg5 {[%clk 0:05:42]} hxg5
{[%clk 0:05:54]} 50. Kc3 {[%clk 0:02:06]} Kf8 {[%clk 0:00:38]} 51. Kb4
{[%clk 0:02:21]} Ke8 {[%clk 0:01:00]} 52. Qe4 {[%clk 0:00:36]} Kd7
{[%clk 0:00:34]} 53. Qxf5 {[%clk 0:00:37]} exf5 {[%clk 0:01:03]} 54. Kxb5
{[%clk 0:01:01]} Ke6 {[%clk 0:00:33]} 55. a4 {[%clk 0:00:56]} Ke5
{[%clk 0:00:32]} 56. a5 {[%clk 0:01:16]} Kf4 {[%clk 0:00:53]} 57. a6
{[%clk 0:01:37]} Kxf3 {[%clk 0:01:18]} 58. a7 {[%clk 0:01:58]} Kg3
{[%clk 0:01:40]} 59. a8=Q {[%clk 0:02:16]} f4 {[%clk 0:02:05]} 60. Qd5
{[%clk 0:00:40]} f6 {[%clk 0:02:12]} 61. Kc4 {[%clk 0:00:39]} 1-0

[Event "Superfinal Championship 2022 Men"]
[Site "Cheboksary"]
[Date "2022.09.11"]
[Round "1.4"]
[White "Murzin, Volodar"]
[Black "Matlakov, Maxim"]
[Result "1/2-1/2"]
[BlackElo "2671"]
[WhiteElo "2534"]
[LiveChessVersion "1.4.8"]

1. e4 {[%clk 1:30:55]} e5 {[%clk 1:30:55]} 2. Nf3 {[%clk 1:31:18]} Nc6
{[%clk 1:31:21]} 3. Nc3 {[%clk 1:31:27]} Nf6 {[%clk 1:31:31]} 4. d4
{[%clk 1:31:31]} exd4 {[%clk 1:30:44]} 5. Nxd4 {[%clk 1:31:54]} Bb4
{[%clk 1:31:04]} 6. Nxc6 {[%clk 1:31:45]} bxc6 {[%clk 1:31:24]} 7. Bd3
{[%clk 1:32:39]} d5 {[%clk 1:31:39]} 8. exd5 {[%clk 1:32:51]} O-O
{[%clk 1:32:03]} 9. O-O {[%clk 1:33:11]} cxd5 {[%clk 1:32:03]} 10. Bg5
{[%clk 1:30:42]} Be6 {[%clk 1:28:49]} 11. Nb5 {[%clk 1:02:06]} c5
{[%clk 1:28:02]} 12. a3 {[%clk 1:02:03]} Ba5 {[%clk 1:28:20]} 13. b4
{[%clk 1:01:57]} Bb6 {[%clk 1:27:36]} 14. bxc5 {[%clk 1:01:52]} Bxc5
{[%clk 1:28:02]} 15. Qd2 {[%clk 0:48:49]} a6 {[%clk 1:01:08]} 16. Nc7
{[%clk 0:45:49]} Qxc7 {[%clk 0:59:52]} 17. Bxf6 {[%clk 0:46:11]} gxf6
{[%clk 0:59:56]} 18. Qh6 {[%clk 0:46:35]} f5 {[%clk 1:00:23]} 19. Qg5+
{[%clk 0:46:59]} Kh8 {[%clk 1:00:50]} 20. Qf6+ {[%clk 0:47:24]} Kg8
{[%clk 1:01:18]} 21. Qg5+ {[%clk 0:47:47]} 1/2-1/2

[Event "Superfinal Championship 2022 Men"]
[Site "Cheboksary"]
[Date "2022.09.11"]
[Round "1.5"]
[White "Rakhmanov, Aleksandr"]
[Black "Najer, Evgeniy"]
[Result "1/2-1/2"]
[BlackElo "2676"]
[WhiteElo "2633"]
[LiveChessVersion "1.4.8"]

1. d4 {[%clk 1:30:35]} Nf6 {[%clk 1:30:53]} 2. c4 {[%clk 1:30:35]} g6
{[%clk 1:31:16]} 3. Nc3 {[%clk 1:26:09]} d5 {[%clk 1:31:27]} 4. Nf3
{[%clk 1:25:34]} Bg7 {[%clk 1:31:45]} 5. Bg5 {[%clk 1:25:20]} Ne4
{[%clk 1:31:10]} 6. Bf4 {[%clk 1:25:40]} Nxc3 {[%clk 1:27:31]} 7. bxc3
{[%clk 1:25:48]} c5 {[%clk 1:25:57]} 8. e3 {[%clk 1:24:13]} O-O {[%clk 1:25:51]}
9. cxd5 {[%clk 1:22:30]} Qxd5 {[%clk 1:25:06]} 10. Be2 {[%clk 1:22:18]} cxd4
{[%clk 1:25:02]} 11. cxd4 {[%clk 1:19:38]} Qa5+ {[%clk 1:23:05]} 12. Qd2
{[%clk 1:18:42]} Nc6 {[%clk 1:22:45]} 13. Qxa5 {[%clk 1:09:45]} Nxa5
{[%clk 1:22:29]} 14. O-O {[%clk 1:06:17]} Be6 {[%clk 1:18:12]} 15. Rfc1
{[%clk 0:52:15]} Rfc8 {[%clk 1:13:58]} 16. Nd2 {[%clk 0:49:11]} Bd5
{[%clk 0:55:48]} 17. a3 {[%clk 0:47:50]} e6 {[%clk 0:53:07]} 18. Bd6
{[%clk 0:43:39]} Bf8 {[%clk 0:49:20]} 19. Bxf8 {[%clk 0:39:26]} Kxf8
{[%clk 0:49:02]} 20. f3 {[%clk 0:39:44]} Nb3 {[%clk 0:42:57]} 21. Nxb3
{[%clk 0:39:26]} Bxb3 {[%clk 0:43:23]} 22. Rab1 {[%clk 0:38:03]} Bd5
{[%clk 0:41:58]} 23. e4 {[%clk 0:36:23]} Rxc1+ {[%clk 0:40:17]} 24. Rxc1
{[%clk 0:36:45]} Bc6 {[%clk 0:40:44]} 25. Kf2 {[%clk 0:35:07]} Rc8
{[%clk 0:37:05]} 26. Rb1 {[%clk 0:29:15]} Rc7 {[%clk 0:35:09]} 27. Rc1
{[%clk 0:29:32]} Rc8 {[%clk 0:34:35]} 28. Rb1 {[%clk 0:29:43]} Rc7
{[%clk 0:34:34]} 1/2-1/2

[Event "Superfinal Championship 2022 Men"]
[Site "Cheboksary"]
[Date "2022.09.12"]
[Round "2.1"]
[White "Iljiushenok, Ilia"]
[Black "Chigaev, Maksim"]
[Result "1/2-1/2"]
[BlackElo "2641"]
[WhiteElo "2551"]
[LiveChessVersion "1.4.8"]

1. e4 {[%clk 1:30:56]} e5 {[%clk 1:30:48]} 2. Nf3 {[%clk 1:31:02]} Nc6
{[%clk 1:31:07]} 3. Bb5 {[%clk 1:31:27]} a6 {[%clk 1:31:25]} 4. Ba4
{[%clk 1:31:52]} Nf6 {[%clk 1:31:42]} 5. O-O {[%clk 1:31:58]} Be7
{[%clk 1:31:59]} 6. Re1 {[%clk 1:32:08]} b5 {[%clk 1:32:15]} 7. Bb3
{[%clk 1:32:33]} O-O {[%clk 1:32:31]} 8. a4 {[%clk 1:32:03]} b4 {[%clk 1:32:48]}
9. d4 {[%clk 1:31:04]} d6 {[%clk 1:32:45]} 10. dxe5 {[%clk 1:31:23]} Nxe5
{[%clk 1:32:53]} 11. Nbd2 {[%clk 1:30:13]} Nfd7 {[%clk 1:26:30]} 12. Nd4
{[%clk 1:25:26]} Bb7 {[%clk 1:17:20]} 13. Bd5 {[%clk 1:24:11]} c6
{[%clk 1:10:06]} 14. Ba2 {[%clk 1:23:24]} d5 {[%clk 0:54:33]} 15. Nf5
{[%clk 1:01:50]} Re8 {[%clk 0:52:53]} 16. Nxe7+ {[%clk 0:55:06]} Qxe7
{[%clk 0:52:58]} 17. f4 {[%clk 0:55:11]} Ng6 {[%clk 0:52:01]} 18. Nf3
{[%clk 0:55:20]} Nh4 {[%clk 0:48:16]} 19. Nxh4 {[%clk 0:42:09]} Qxh4
{[%clk 0:48:34]} 20. Bd2 {[%clk 0:40:20]} a5 {[%clk 0:37:06]} 21. c3
{[%clk 0:29:40]} Nf6 {[%clk 0:24:54]} 1/2-1/2

[Event "Superfinal Championship 2022 Men"]
[Site "Cheboksary"]
[Date "2022.09.12"]
[Round "2.3"]
[White "Matlakov, Maxim"]
[Black "Rakhmanov, Aleksandr"]
[Result "1/2-1/2"]
[BlackElo "2633"]
[WhiteElo "2671"]
[LiveChessVersion "1.4.8"]

1. d4 {[%clk 1:30:40]} d5 {[%clk 1:30:21]} 2. c4 {[%clk 1:30:36]} dxc4
{[%clk 1:30:09]} 3. Nf3 {[%clk 1:21:49]} Nf6 {[%clk 1:29:57]} 4. e3
{[%clk 1:22:15]} e6 {[%clk 1:29:36]} 5. Bxc4 {[%clk 1:22:40]} c5 {[%clk 1:29:42]}
6. O-O {[%clk 1:23:02]} a6 {[%clk 1:29:53]} 7. Re1 {[%clk 1:21:13]} Nc6
{[%clk 1:24:59]} 8. Nc3 {[%clk 1:20:59]} b5 {[%clk 1:23:51]} 9. Bd3
{[%clk 1:20:47]} Bb7 {[%clk 1:21:07]} 10. a4 {[%clk 1:19:25]} b4 {[%clk 1:18:50]}
11. Ne4 {[%clk 1:17:30]} Na5 {[%clk 1:16:41]} 12. Nxf6+ {[%clk 1:15:49]} Qxf6
{[%clk 1:15:11]} 13. e4 {[%clk 1:13:48]} h6 {[%clk 1:14:25]} 14. d5
{[%clk 0:51:04]} c4 {[%clk 1:13:41]} 15. Bf1 {[%clk 0:49:04]} Bc5
{[%clk 1:12:36]} 16. Be3 {[%clk 0:48:03]} Bxe3 {[%clk 1:12:09]} 17. Rxe3
{[%clk 0:48:27]} O-O {[%clk 1:12:23]} 18. Qe1 {[%clk 0:47:51]} exd5
{[%clk 1:11:17]} 19. Qxb4 {[%clk 0:45:54]} dxe4 {[%clk 1:10:40]} 20. Nd2
{[%clk 0:45:57]} Qf5 {[%clk 1:05:13]} 21. Nxc4 {[%clk 0:38:49]} Nxc4
{[%clk 1:04:24]} 22. Bxc4 {[%clk 0:35:55]} 1/2-1/2

[Event "Superfinal Championship 2022 Men"]
[Site "Cheboksary"]
[Date "2022.09.12"]
[Round "2.4"]
[White "Nesterov, Arseniy"]
[Black "Murzin, Volodar"]
[Result "1/2-1/2"]
[BlackElo "2534"]
[WhiteElo "2575"]
[LiveChessVersion "1.4.8"]

1. d4 {[%clk 1:30:56]} d5 {[%clk 1:30:44]} 2. c4 {[%clk 1:31:20]} c6
{[%clk 1:31:09]} 3. Nf3 {[%clk 1:31:42]} Nf6 {[%clk 1:31:32]} 4. Nc3
{[%clk 1:32:06]} e6 {[%clk 1:31:50]} 5. g3 {[%clk 1:29:55]} Nbd7 {[%clk 1:31:08]}
6. Bg2 {[%clk 1:28:23]} Be7 {[%clk 1:31:05]} 7. O-O {[%clk 1:24:51]} O-O
{[%clk 1:31:21]} 8. Nd2 {[%clk 1:11:46]} a5 {[%clk 1:00:42]} 9. e4
{[%clk 1:01:24]} dxe4 {[%clk 0:45:08]} 10. Ndxe4 {[%clk 1:01:25]} Nxe4
{[%clk 0:45:30]} 11. Nxe4 {[%clk 1:01:25]} a4 {[%clk 0:43:21]} 12. Bf4
{[%clk 0:49:34]} Qa5 {[%clk 0:33:19]} 13. Qc2 {[%clk 0:40:22]} e5
{[%clk 0:27:32]} 14. dxe5 {[%clk 0:28:27]} Nxe5 {[%clk 0:27:47]} 15. c5
{[%clk 0:28:06]} Ng6 {[%clk 0:25:38]} 16. Bd2 {[%clk 0:24:26]} Qc7
{[%clk 0:15:33]} 17. h4 {[%clk 0:22:54]} Bg4 {[%clk 0:14:29]} 18. Bb4
{[%clk 0:14:27]} Ne5 {[%clk 0:11:11]} 19. Nd6 {[%clk 0:11:37]} Bf6
{[%clk 0:07:53]} 20. Bc3 {[%clk 0:08:40]} Nd7 {[%clk 0:07:49]} 21. Rfe1
{[%clk 0:07:19]} Be6 {[%clk 0:06:55]} 22. Bxf6 {[%clk 0:06:45]} Nxf6
{[%clk 0:07:23]} 23. Qc3 {[%clk 0:05:24]} Rfd8 {[%clk 0:05:24]} 24. b4
{[%clk 0:04:21]} axb3 {[%clk 0:03:16]} 25. axb3 {[%clk 0:04:44]} Ne8
{[%clk 0:02:28]} 26. Rxa8 {[%clk 0:01:46]} Rxa8 {[%clk 0:02:57]} 27. Qb4
{[%clk 0:01:25]} Nxd6 {[%clk 0:01:15]} 28. cxd6 {[%clk 0:01:53]} Qd7
{[%clk 0:01:06]} 29. Rd1 {[%clk 0:01:48]} Rd8 {[%clk 0:00:37]} 30. Qb6
{[%clk 0:01:06]} Qc8 {[%clk 0:00:53]} 31. b4 {[%clk 0:01:02]} Qb8
{[%clk 0:01:12]} 32. Qc5 {[%clk 0:01:05]} Qa8 {[%clk 0:00:40]} 33. Kh2
{[%clk 0:00:58]} h6 {[%clk 0:00:47]} 34. Bh3 {[%clk 0:00:39]} Bxh3
{[%clk 0:01:09]} 35. Kxh3 {[%clk 0:01:08]} Qc8+ {[%clk 0:01:30]} 36. Kh2
{[%clk 0:01:18]} Qe6 {[%clk 0:01:48]} 37. Qd4 {[%clk 0:00:58]} Rd7
{[%clk 0:00:51]} 38. Rd3 {[%clk 0:00:46]} h5 {[%clk 0:00:33]} 39. Qc5
{[%clk 0:00:34]} g6 {[%clk 0:00:54]} 40. Qd4 {[%clk 0:30:56]} Kh7
{[%clk 0:30:52]} 41. Kg2 {[%clk 0:23:07]} Kg8 {[%clk 0:27:48]} 42. Rd2
{[%clk 0:22:38]} Kh7 {[%clk 0:24:29]} 43. Rd1 {[%clk 0:15:47]} Kg8
{[%clk 0:24:42]} 44. Rd3 {[%clk 0:16:09]} Kh7 {[%clk 0:24:52]} 45. Rd2
{[%clk 0:16:35]} Kg8 {[%clk 0:23:48]} 46. f4 {[%clk 0:14:46]} f6 {[%clk 0:21:36]}
47. Kf2 {[%clk 0:11:00]} Kg7 {[%clk 0:18:34]} 48. Qc5 {[%clk 0:07:10]} Qh3
{[%clk 0:10:50]} 49. Rd1 {[%clk 0:05:59]} Kf7 {[%clk 0:09:04]} 50. b5
{[%clk 0:03:13]} Qf5 {[%clk 0:09:10]} 51. Qc4+ {[%clk 0:02:53]} Qe6
{[%clk 0:09:35]} 52. Qb4 {[%clk 0:02:11]} cxb5 {[%clk 0:07:30]} 53. Qxb5
{[%clk 0:02:17]} Rxd6 {[%clk 0:07:44]} 1/2-1/2

[Event "Superfinal Championship 2022 Men"]
[Site "Cheboksary"]
[Date "2022.09.12"]
[Round "2.5"]
[White "Sjugirov, Sanan"]
[Black "Artemiev, Vladislav"]
[Result "1/2-1/2"]
[BlackElo "2706"]
[WhiteElo "2703"]
[LiveChessVersion "1.4.8"]

1. d4 {[%clk 1:30:50]} d5 {[%clk 1:30:33]} 2. c4 {[%clk 1:31:03]} e6
{[%clk 1:30:48]} 3. Nc3 {[%clk 1:30:25]} Nf6 {[%clk 1:30:55]} 4. Nf3
{[%clk 1:30:05]} Nbd7 {[%clk 1:30:09]} 5. Bf4 {[%clk 1:29:01]} c6
{[%clk 1:27:32]} 6. e3 {[%clk 1:24:33]} Nh5 {[%clk 1:26:50]} 7. Bg5
{[%clk 1:16:25]} Be7 {[%clk 1:26:43]} 8. Bxe7 {[%clk 1:15:26]} Qxe7
{[%clk 1:27:01]} 9. Be2 {[%clk 1:03:17]} O-O {[%clk 1:23:18]} 10. O-O
{[%clk 1:00:35]} Nhf6 {[%clk 1:23:34]} 11. Ne5 {[%clk 0:42:17]} Rd8
{[%clk 1:01:51]} 12. Qb3 {[%clk 0:40:50]} Nxe5 {[%clk 0:58:59]} 13. dxe5
{[%clk 0:40:43]} Nd7 {[%clk 0:59:24]} 14. f4 {[%clk 0:40:33]} Nb6
{[%clk 0:54:55]} 15. Rfd1 {[%clk 0:36:25]} 1/2-1/2

[Event "Superfinal Championship 2022 Men"]
[Site "Cheboksary"]
[Date "2022.09.12"]
[Round "2.6"]
[White "Esipenko, Andrey"]
[Black "Tomashevsky, Evgeny"]
[Result "1/2-1/2"]
[BlackElo "2700"]
[WhiteElo "2678"]
[LiveChessVersion "1.4.8"]

1. e4 {[%clk 1:30:54]} e5 {[%clk 1:30:52]} 2. Nf3 {[%clk 1:31:13]} Nc6
{[%clk 1:31:13]} 3. Bb5 {[%clk 1:31:30]} a6 {[%clk 1:30:58]} 4. Ba4
{[%clk 1:31:51]} Nf6 {[%clk 1:31:19]} 5. O-O {[%clk 1:32:02]} Be7
{[%clk 1:31:20]} 6. Re1 {[%clk 1:32:05]} b5 {[%clk 1:30:51]} 7. Bb3
{[%clk 1:32:27]} O-O {[%clk 1:31:12]} 8. a4 {[%clk 1:32:34]} Rb8 {[%clk 1:23:32]}
9. axb5 {[%clk 1:29:14]} axb5 {[%clk 1:23:55]} 10. h3 {[%clk 1:28:48]} d6
{[%clk 1:17:54]} 11. d3 {[%clk 1:25:52]} h6 {[%clk 1:11:33]} 12. Nc3
{[%clk 1:23:27]} Re8 {[%clk 0:57:54]} 13. Nd5 {[%clk 1:01:58]} Bf8
{[%clk 0:54:00]} 14. Nxf6+ {[%clk 0:47:50]} Qxf6 {[%clk 0:53:20]} 15. Be3
{[%clk 0:48:10]} Be6 {[%clk 0:43:59]} 16. c3 {[%clk 0:43:34]} Ne7
{[%clk 0:22:12]} 17. d4 {[%clk 0:38:07]} Ng6 {[%clk 0:21:06]} 18. Bxe6
{[%clk 0:19:00]} 1/2-1/2

[Event "Superfinal Championship 2022 Men"]
[Site "Cheboksary"]
[Date "2022.09.13"]
[Round "3.1"]
[White "Tomashevsky, Evgeny"]
[Black "Iljiushenok, Ilia"]
[Result "1/2-1/2"]
[BlackElo "2551"]
[WhiteElo "2700"]
[LiveChessVersion "1.4.8"]

1. c4 {[%clk 1:30:53]} Nf6 {[%clk 1:30:35]} 2. Nf3 {[%clk 1:30:58]} e6
{[%clk 1:30:47]} 3. g3 {[%clk 1:30:49]} d5 4. Bg2 d4 {[%clk 1:30:47]} 5. O-O
{[%clk 1:28:13]} c5 {[%clk 1:30:55]} 6. e3 {[%clk 1:25:13]} Nc6 {[%clk 1:30:53]}
7. exd4 {[%clk 1:25:23]} cxd4 {[%clk 1:31:18]} 8. d3 {[%clk 1:25:38]} h6
{[%clk 1:29:47]} 9. Re1 {[%clk 1:08:50]} Bd6 {[%clk 1:27:52]} 10. Na3
{[%clk 1:02:05]} O-O {[%clk 1:25:43]} 11. Nc2 {[%clk 0:59:14]} a5
{[%clk 1:23:57]} 12. Bd2 {[%clk 0:41:37]} e5 {[%clk 1:23:00]} 13. c5
{[%clk 0:42:00]} Bc7 {[%clk 1:20:58]} 14. b4 {[%clk 0:42:25]} axb4
{[%clk 1:06:22]} 15. Nxb4 {[%clk 0:42:37]} Re8 {[%clk 1:06:02]} 16. Nh4
{[%clk 0:40:59]} Bg4 {[%clk 0:58:39]} 17. Bf3 {[%clk 0:32:17]} Bxf3
{[%clk 0:54:05]} 18. Qxf3 {[%clk 0:29:52]} Nxb4 {[%clk 0:54:24]} 19. Bxb4
{[%clk 0:25:00]} Qd5 {[%clk 0:36:50]} 20. a3 1/2-1/2

[Event "Superfinal Championship 2022 Men"]
[Site "Cheboksary"]
[Date "2022.09.13"]
[Round "3.2"]
[White "Artemiev, Vladislav"]
[Black "Esipenko, Andrey"]
[Result "1/2-1/2"]
[BlackElo "2678"]
[WhiteElo "2706"]
[LiveChessVersion "1.4.8"]

1. e4 {[%clk 1:01:13]} e5 {[%clk 1:30:40]} 2. Nf3 {[%clk 1:01:31]} Nc6
{[%clk 1:31:01]} 3. Nc3 {[%clk 1:01:43]} Nf6 {[%clk 1:31:18]} 4. d4
{[%clk 1:01:47]} exd4 {[%clk 1:31:34]} 5. Nxd4 {[%clk 1:02:09]} Bb4
{[%clk 1:31:58]} 6. Nxc6 {[%clk 1:02:12]} bxc6 {[%clk 1:32:21]} 7. Bd3
{[%clk 1:02:33]} d5 {[%clk 1:32:32]} 8. exd5 {[%clk 1:02:39]} O-O
{[%clk 1:32:56]} 9. O-O {[%clk 1:02:55]} cxd5 {[%clk 1:33:09]} 10. Bg5
{[%clk 1:02:21]} Be6 {[%clk 1:33:22]} 11. Nb5 {[%clk 1:02:08]} c5
{[%clk 1:33:39]} 12. a3 {[%clk 1:02:17]} Ba5 {[%clk 1:34:05]} 13. b4
{[%clk 1:02:36]} Bb6 {[%clk 1:34:25]} 14. bxc5 {[%clk 1:02:58]} Bxc5
{[%clk 1:34:52]} 15. Qd2 {[%clk 1:03:12]} 1/2-1/2

[Event "Superfinal Championship 2022 Men"]
[Site "Cheboksary"]
[Date "2022.09.13"]
[Round "3.3"]
[White "Murzin, Volodar"]
[Black "Sjugirov, Sanan"]
[Result "1/2-1/2"]
[BlackElo "2703"]
[WhiteElo "2534"]
[LiveChessVersion "1.4.8"]

1. e4 {[%clk 1:30:55]} e5 {[%clk 1:25:31]} 2. Nf3 {[%clk 1:30:33]} Nc6
{[%clk 1:25:20]} 3. Nc3 {[%clk 1:25:18]} Nf6 {[%clk 1:23:27]} 4. d4
{[%clk 1:24:59]} exd4 {[%clk 1:23:13]} 5. Nxd4 {[%clk 1:25:23]} Bb4
{[%clk 1:23:33]} 6. Nxc6 {[%clk 1:25:48]} bxc6 {[%clk 1:23:57]} 7. Bd3
{[%clk 1:26:13]} O-O {[%clk 1:24:06]} 8. O-O {[%clk 1:26:31]} d5 {[%clk 1:24:16]}
9. exd5 {[%clk 1:26:54]} cxd5 {[%clk 1:23:31]} 10. Bg5 {[%clk 1:26:18]} Be6
{[%clk 1:22:53]} 11. h3 {[%clk 1:16:32]} h6 {[%clk 1:16:03]} 12. Bh4
{[%clk 1:15:25]} c6 {[%clk 0:47:23]} 13. Ne2 {[%clk 0:56:40]} Bd6
{[%clk 0:36:55]} 14. Nd4 {[%clk 0:47:24]} g5 {[%clk 0:34:28]} 15. Bg3
{[%clk 0:46:54]} c5 {[%clk 0:29:49]} 1/2-1/2

[Event "Superfinal Championship 2022 Men"]
[Site "Cheboksary"]
[Date "2022.09.13"]
[Round "3.4"]
[White "Rakhmanov, Aleksandr"]
[Black "Nesterov, Arseniy"]
[Result "1/2-1/2"]
[BlackElo "2575"]
[WhiteElo "2633"]
[LiveChessVersion "1.4.8"]

1. d4 {[%clk 1:30:50]} d5 {[%clk 1:30:54]} 2. c4 {[%clk 1:31:01]} e6
{[%clk 1:31:08]} 3. Nc3 {[%clk 1:31:17]} Nf6 {[%clk 1:31:25]} 4. cxd5
{[%clk 1:31:04]} exd5 {[%clk 1:31:45]} 5. Bg5 {[%clk 1:31:08]} Be7
{[%clk 1:32:09]} 6. e3 {[%clk 1:31:17]} h6 {[%clk 1:32:27]} 7. Bh4
{[%clk 1:30:00]} O-O {[%clk 1:31:49]} 8. Bd3 {[%clk 1:28:35]} c6 {[%clk 1:32:10]}
9. Bg3 {[%clk 1:26:40]} c5 {[%clk 1:12:20]} 10. dxc5 {[%clk 1:26:12]} Bxc5
{[%clk 1:12:38]} 11. Nge2 {[%clk 1:26:19]} Nc6 {[%clk 1:12:52]} 12. O-O
{[%clk 1:26:00]} d4 {[%clk 0:46:14]} 13. exd4 {[%clk 1:23:37]} Nxd4
{[%clk 0:46:04]} 14. Na4 {[%clk 1:22:57]} Nxe2+ {[%clk 0:46:00]} 15. Bxe2
{[%clk 1:22:55]} Be7 {[%clk 0:40:28]} 16. Bf3 {[%clk 1:21:11]} Qxd1
{[%clk 0:35:02]} 17. Rfxd1 {[%clk 1:06:23]} Bd7 {[%clk 0:35:03]} 18. Nc3
{[%clk 1:00:00]} Bc6 {[%clk 0:35:14]} 19. Bxc6 {[%clk 1:00:20]} bxc6
{[%clk 0:35:42]} 20. Bd6 {[%clk 0:53:37]} Rfe8 {[%clk 0:33:42]} 21. Kf1
{[%clk 0:48:04]} Bd8 {[%clk 0:28:00]} 22. Rac1 {[%clk 0:42:49]} Bb6
{[%clk 0:27:57]} 23. Bg3 {[%clk 0:30:42]} Re6 {[%clk 0:27:46]} 24. f3
{[%clk 0:24:45]} Rae8 {[%clk 0:25:20]} 25. Bf2 {[%clk 0:19:44]} Nd5
{[%clk 0:14:32]} 26. Nxd5 {[%clk 0:18:22]} cxd5 {[%clk 0:14:51]} 27. Bxb6
{[%clk 0:13:29]} Rxb6 {[%clk 0:15:14]} 28. b3 {[%clk 0:13:52]} Ra6
{[%clk 0:09:55]} 29. Rd2 {[%clk 0:11:33]} d4 {[%clk 0:07:37]} 30. Rc4
{[%clk 0:10:08]} Rd8 {[%clk 0:07:54]} 31. Ke2 {[%clk 0:09:47]} d3+
{[%clk 0:07:36]} 32. Ke3 {[%clk 0:02:04]} Rad6 {[%clk 0:07:17]} 33. b4
{[%clk 0:00:39]} f5 {[%clk 0:04:38]} 34. Rc3 {[%clk 0:00:41]} Re8+
{[%clk 0:03:48]} 35. Kf2 {[%clk 0:01:06]} Red8 {[%clk 0:03:36]} 36. Rc5
{[%clk 0:01:01]} f4 {[%clk 0:03:09]} 37. h4 {[%clk 0:01:06]} Rd5 {[%clk 0:01:07]}
38. Ke1 {[%clk 0:00:37]} Rxc5 {[%clk 0:00:54]} 39. bxc5 {[%clk 0:01:03]} Rc8
{[%clk 0:01:02]} 40. Rxd3 {[%clk 0:31:22]} Rxc5 {[%clk 0:31:29]} 41. Rd4
{[%clk 0:28:43]} 1/2-1/2